The Sale of Goods Act and The Indian Partnership Act/ (Record no. 216514)

MARC details
000 -LEADER
fixed length control field 00601nam a22001937a 4500
005 - DATE AND TIME OF LATEST TRANSACTION
control field 20260604162132.0
010 ## - LCCN (DPL NO)
LC control number ENG-148764
020 ## - INTERNATIONAL STANDARD BOOK NUMBER
International Standard Book Number 9788119403349
Terms of availability 850.00
035 ## - SYSTEM CONTROL NUMBER
System control number EN-132296
037 ## - SOURCE OF ACQUISITION
Source of stock number/acquisition DBAD
082 ## - DEWEY DECIMAL CLASSIFICATION NUMBER
Classification number 347.4
100 ## - MAIN ENTRY--PERSONAL NAME
Personal name Mulla, Dinshaw Fardunji
245 ## - TITLE STATEMENT
Title The Sale of Goods Act and The Indian Partnership Act/
Statement of responsibility, etc Dinshaw Fardunji Mulla
250 ## - EDITION STATEMENT
Edition statement 12
260 ## - PUBLICATION, DISTRIBUTION, ETC. (IMPRINT)
Place of publication, distribution, etc Gurgaon
Name of publisher, distributor, etc Lexis Nexis
Date of publication, distribution, etc 2024
270 ## - ADDRESS
Address 14th Floor, Building No.10, Tower-B, DLF Cyber City, Phase-II
City Gurgaon
Postal code 122002
300 ## - PHYSICAL DESCRIPTION
Extent 452p.
Dimensions 24cm(pb)
942 ## - ADDED ENTRY ELEMENTS (KOHA)
Source of classification or shelving scheme Dewey Decimal Classification
Item type English Books
Call number suffix MUL
Classification part 347.4
Holdings
Withdrawn status Lost status Not for loan Collection code Home library Current library Date acquired Source of acquisition Cost, normal purchase price Full call number Barcode Copy number Cost, replacement price Koha item type
      Non-fiction R.K.Puram-8 R.K.Puram-8 04/06/2026 Delivery of Books Act Division 850.00 MUL 347.4 EN-132296 1 850.00 English Books

© Delhi Public Library
Hit Counter
free hit counter